000
00384nam a2200169Ia 4500
008
220531s9999 xx 000 0 und d
041
_a
eng
082
_b
LAL
100
_a
Lall, Ramji
_9
38544
245
_a
Bacons Essays
260
_b
Rama
_c
1995
300
_a
440
542
_d
27-01-1998
650
_a
English
_9
38545
906
_d
1997-1998
_f
5918
999
_c
23332
_d
23332